000 00692nam a2200289Ia 4500
005 20260324135357.0
008 008 260324s9999 xx 000 0 eng d
020 _a9781315182834
037 _aEBOOK
040 _aCRL
040 _beng
040 _cCRL
041 _2eng
041 _aeng
084 _qCRL
100 _aJulia Preece
_91052144
245 0 _aNurturing Social Capital in Excluded Communities
245 2 _bA Kind of Higher Education
260 _bTaylor and Francis
260 _c2000
365 _a
365 _b130
856 _uhttp://www.taylorfrancis.com/books/9781315182834
942 _cEBOOK
999 _c1801374
_d1801374